Statystyki dla Najlepsi piłkarze na świecie 2023 (złota piłka)

Kliknij tutaj aby rozwiązać quiz!

Ogólne statystyki

  • Ten quiz został rozwiązany 641 razy
  • Średni wynik to 4 z 10

Statystyki odpowiedzi

WskazówkiOdpowiedzi% Poprawnych
1.Leo Messi
99%
2.Erling Haaland
52%
3.Kylian Mbappe
49%
4.Kevin De Bruyne
34%
6.Vinicius
29%
10.Luka Modrić
27%
5.Rodri
27%
7.Julian Alvarez
17%
9.Bernardo Silva
15%
8.Victor Osimhen
5%

Rozkład punktacji

Percentyl według liczby udzielonych odpowiedzi

Procent ludzi z każdym wynikiem

Twoja historia wyników

Nie rozwiązałeś tego quizu